[Event "Barcelona Sant Marti op-B 5th"]
[Site "Barcelona"]
[Date "2016.03.03"]
[Round "8"]
[White "Tordera Jumilla, Joaquim"]
[Black "Vicente Perales, Manel"]
[Result "0-1"]
[WhiteElo "1506"]
[BlackElo "1354"]
[PlyCount "74"]
[EventDate "2016.01.14"]
[EventType "swiss"]
[EventRounds "9"]
[EventCountry "ESP"]
[SourceTitle "EXT 2017"]
[Source "ChessBase"]
[SourceDate "2016.10.25"]
[SourceVersion "1"]
[SourceVersionDate "2016.10.25"]
[SourceQuality "1"]

1. d4 d5 2. Nf3 Nf6 3. e3 Bf5 4. h3 e6 5. Bd2 c5 6. Bd3 Bxd3 7. cxd3 Nc6 8. dxc5 Bxc5 9. a3 0-0 10. b4 Bb6 11. Nc3 d4 12. Ne4 dxe3 13. Bxe3 Bxe3 14. Nxf6+ Qxf6 15. fxe3 Rad8 16. Ke2 Qb2+ 17. Qd2 Qf6 18. Rac1 Rd7 19. b5 Ne5 20. Qc3 Nxf3 21. Qxf6 gxf6 22. gxf3 Rfd8 23. Rcd1 Rd5 24. Rhg1+ Kf8 25. a4 Rh5 26. Rg3 Rdd5 27. Rc1 Rd8 28. Rc7 Rb8 29. a5 a6 30. b6 Rxa5 31. e4 Rb5 32. f4 Rxb6 33. f5 exf5 34. Rc4 fxe4 35. dxe4 Rb2+ 36. Kf3 Rb3+ 37. Ke2 Rxg3 0-1

[Event "Barcelona Sant Marti op-B 5th"]
[Site "Barcelona"]
[Date "2016.02.11"]
[Round "5"]
[White "Vicente Perales, Manel"]
[Black "Garcia Hernandez, Jose Luis"]
[Result "0-1"]
[WhiteElo "1354"]
[BlackElo "1465"]
[PlyCount "48"]
[EventDate "2016.01.14"]
[EventType "swiss"]
[EventRounds "9"]
[EventCountry "ESP"]
[SourceTitle "EXT 2017"]
[Source "ChessBase"]
[SourceDate "2016.10.25"]
[SourceVersion "1"]
[SourceVersionDate "2016.10.25"]
[SourceQuality "1"]

1. d4 Nf6 2. Nf3 g6 3. e3 Bg7 4. Bd3 0-0 5. b3 d6 6. Bb2 Nbd7 7. 0-0 c5 8. Nbd2 b6 9. Re1 Bb7 10. c4 e6 11. Qc2 Qc7 12. Rac1 d5 13. cxd5 Nxd5 14. a3 Rac8 15. Ne4 Qb8 16. Qb1 e5 17. dxc5 bxc5 18. Re2 h6 19. Rec2 f5 20. Bb5 fxe4 21. Bxd7 exf3 22. Bxc8 Qxc8 23. Rxc5 Qg4 24. g3 Qh3 0-1

[Event "Barcelona Sant Marti op-B 5th"]
[Site "Barcelona"]
[Date "2016.01.28"]
[Round "3"]
[White "Olleta Tanya, Jordi"]
[Black "Vicente Perales, Manel"]
[Result "1/2-1/2"]
[WhiteElo "1523"]
[BlackElo "1354"]
[PlyCount "75"]
[EventDate "2016.01.14"]
[EventType "swiss"]
[EventRounds "9"]
[EventCountry "ESP"]
[SourceTitle "EXT 2017"]
[Source "ChessBase"]
[SourceDate "2016.10.25"]
[SourceVersion "1"]
[SourceVersionDate "2016.10.25"]
[SourceQuality "1"]

1. Nf3 d5 2. d4 e6 3. g3 Bd6 4. Bg2 Nf6 5. 0-0 c5 6. c3 Nbd7 7. Nbd2 0-0 8. c4 Re8 9. b3 b6 10. Bb2 Bb7 11. Ne1 cxd4 12. Bxd4 Be5 13. e3 Rc8 14. Nd3 Bd6 15. Nf3 dxc4 16. bxc4 Rxc4 17. Nfe5 Bxg2 18. Nxc4 Qa8 19. Nxd6 Bxf1 20. Qxf1 Rd8 21. Ne5 Nxe5 22. Bxe5 Qd5 23. Bxf6 gxf6 24. Rd1 Qxa2 25. Ne4 Rxd1 26. Qxd1 Kg7 27. Qg4+ Kf8 28. Nxf6 Qa1+ 29. Kg2 Qxf6 30. Qb4+ Qe7 31. Qe4 Kg7 32. Qg4+ Kh8 33. h4 f5 34. Qf4 Kg7 35. Qe5+ Qf6 36. Qc7+ Qf7 37. Qe5+ Qf6 38. Qc7+ 1/2-1/2

[Event "Barcelona Sant Marti op-B 5th"]
[Site "Barcelona"]
[Date "2016.01.21"]
[Round "2"]
[White "Vicente Perales, Manel"]
[Black "Masferrer Andreu, Josep Miquel"]
[Result "0-1"]
[WhiteElo "1354"]
[BlackElo "1653"]
[PlyCount "55"]
[EventDate "2016.01.14"]
[EventType "swiss"]
[EventRounds "9"]
[EventCountry "ESP"]
[SourceTitle "EXT 2017"]
[Source "ChessBase"]
[SourceDate "2016.10.25"]
[SourceVersion "1"]
[SourceVersionDate "2016.10.25"]
[SourceQuality "1"]

1. d4 Nf6 2. Nf3 e6 3. e3 d5 4. Bd3 Bd6 5. b3 Nbd7 6. Bb2 b6 7. 0-0 0-0 8. Ne5 c5 9. f4 Bb7 10. Nd2 Ne8 11. Rf3 f5 12. Rg3 cxd4 13. exd4 a6 14. Qe2 Nef6 15. Rf1 Ne4 16. Nxd7 Qxd7 17. Re3 Rf6 18. g3 b5 19. Nf3 Rc8 20. Ne5 Qe7 21. a3 Bxa3 22. Bxa3 Qxa3 23. Bxe4 dxe4 24. Nd7 Rf7 25. Nc5 Re7 26. Rc3 Qb2 27. Qe3 Bd5 28. Qc1 0-1

[Event "Foment Martinenc op-C 17th"]
[Site "Barcelona"]
[Date "2015.06.13"]
[Round "8"]
[White "Bernat Mor, Juli"]
[Black "Vicente Perales, Manel"]
[Result "0-1"]
[WhiteElo "1697"]
[BlackElo "1749"]
[PlyCount "66"]
[EventDate "2015.04.25"]
[EventType "swiss"]
[EventRounds "9"]
[EventCountry "ESP"]
[SourceTitle "EXT 2017"]
[Source "ChessBase"]
[SourceDate "2016.10.25"]
[SourceVersion "1"]
[SourceVersionDate "2016.10.25"]
[SourceQuality "1"]

1. e4 e6 2. d4 d5 3. e5 c5 4. Nf3 Qb6 5. c3 Nc6 6. Bd3 Bd7 7. Be3 Qxb2 8. Nbd2 Qxc3 9. Qb1 cxd4 10. Bf4 Qb4 11. Qc2 Qc3 12. Qb1 Nb4 13. 0-0 Qxd3 14. Qb2 Qf5 15. Bg3 Bc5 16. Nb3 Nd3 17. Qc2 b6 18. Nbxd4 Qg6 19. a3 Ne7 20. Rfd1 Bxd4 21. Nxd4 Nc5 22. Qe2 0-0 23. f3 Rac8 24. Be1 f6 25. Nb5 Bxb5 26. Qxb5 fxe5 27. Bb4 Rxf3 28. Bxc5 Rxc5 29. Qd7 Kf7 30. Rf1 Rf6 31. Qxa7 Rc2 32. g3 Qe4 33. Rxf6+ gxf6 0-1

[Event "Foment Martinenc op-C 17th"]
[Site "Barcelona"]
[Date "2015.05.23"]
[Round "5"]
[White "Vicente Perales, Manel"]
[Black "Izquierdo Pujol, Pol"]
[Result "0-1"]
[WhiteElo "1749"]
[BlackElo "1809"]
[PlyCount "62"]
[EventDate "2015.04.25"]
[EventType "swiss"]
[EventRounds "9"]
[EventCountry "ESP"]
[SourceTitle "EXT 2017"]
[Source "ChessBase"]
[SourceDate "2016.10.25"]
[SourceVersion "1"]
[SourceVersionDate "2016.10.25"]
[SourceQuality "1"]

1. d4 Nf6 2. Nf3 g6 3. e3 Bg7 4. Bd3 0-0 5. b3 d6 6. Bb2 Nbd7 7. Nbd2 c5 8. 0-0 b6 9. Re1 Bb7 10. Ng5 Qc7 11. Nge4 d5 12. Ng3 e5 13. Nf3 e4 14. Ne5 exd3 15. Nxd7 Qxd7 16. Qxd3 Rfe8 17. Re2 Ne4 18. Rf1 Nxg3 19. fxg3 Re7 20. c3 Rae8 21. Rf3 c4 22. Qd2 cxb3 23. axb3 Qb5 24. Qc2 Ba6 25. Ref2 Qd3 26. Qxd3 Bxd3 27. Ba3 Rxe3 28. h3 Rxf3 29. Rxf3 Be4 30. Re3 Rc8 31. c4 Bxd4 0-1